| 000 | 01912nam a2200265Ia 4500 | ||
|---|---|---|---|
| 008 | 260220t1993||||xx |||||||||||||| ||spa|| | ||
| 020 | _a9505530226 | ||
| 040 |
_aPY-SlUNAC _bspa _erda |
||
| 041 | _aspa | ||
| 082 |
_a516.6 _bD54g |
||
| 100 |
_aDi Prieto, Donato _eAutor |
||
| 245 | 0 |
_aGeometría descriptiva / _cpor Donato Di Prieto [Autor] |
|
| 250 | _aDecimotercera edición | ||
| 264 |
_aBuenos Aires : _bAlsina, _c℗1993. |
||
| 300 | _a1 volumen | ||
| 520 | _aEl libro "Geometría descriptiva" de Donato Di Prieto ofrece una exhaustiva introducción a los conceptos fundamentales de la geometría descriptiva, disciplina esencial para la representación gráfica de formas tridimensionales en un plano bidimensional. A lo largo de sus capítulos, el autor aborda las proyecciones ortogonales, las secciones cónicas y las transformaciones geométricas, proporcionando herramientas teóricas y prácticas que permiten a los estudiantes y profesionales del diseño, la arquitectura y la ingeniería visualizar y resolver problemas espaciales de manera efectiva. Con un enfoque didáctico, Di Prieto incluye numerosos ejemplos ilustrativos y ejercicios que fomentan la comprensión de las técnicas de representación y la aplicación de sus principios en contextos reales. Este texto se convierte en un recurso invaluable para quienes buscan profundizar en la geometría técnica, estableciendo una base sólida para el desarrollo de habilidades en el dibujo técnico y la modelación de objetos en tres dimensiones. Su publicación en 1993 ha contribuido a la formación de diversas generaciones en el ámbito académico y profesional. | ||
| 653 | _aGeometría | ||
| 653 | _aGeometría descriptiva | ||
| 653 | _aMatemáticas | ||
| 942 |
_b2026/02/17 _cBK |
||
| 999 |
_c7623 _d7623 |
||